Berühmte Persönlichkeiten - Statistiken

Allgemein
  • Dieses Quiz wurde 2.965 mal gespielt
  • Das Durchschnittsergebnis liegt bei 10 aus 16
Antwortstatistiken
Bildquiz Antwort % Korrekt
Michael Jackson
97%
Dwayne Johnson
86%
Steve Jobs
86%
Elvis Presley
83%
Diego Maradonna
80%
Jackie Chan
80%
Muhammad Ali
79%
Michael Jordan
77%
Ryan Reynolds
65%
Jack Black
60%
Bill Gates
51%
John Travolta
45%
Bruce Willis
41%
Meryl Streep
26%
Alfred Hitchcock
24%
Malcolm X
23%
Keine übereinstimmenden Quizze gefunden
Verteilung der Resultate
Anzahl Personen mit jedem Resultat
Perzentil nach korrekt beantworteten Fragen
Ihre Resultats-Entwicklung
Sie haben dieses Quiz noch nicht gespielt